Corporate governance : theory and practice (Record no. 183068)

MARC details
000 -LEADER
fixed length control field 00428nam a2200157Ia 4500
005 - DATE AND TIME OF LATEST TRANSACTION
control field 20250318101509.0
008 - FIXED-LENGTH DATA ELEMENTS--GENERAL INFORMATION
fixed length control field 231217s9999 xx 000 0 und d
020 ## - INTERNATIONAL STANDARD BOOK NUMBER
International Standard Book Number 9788174466839
082 ## - DEWEY DECIMAL CLASSIFICATION NUMBER
Classification number 658.4 GEE;1 R
100 ## - MAIN ENTRY--PERSONAL NAME
Personal name Rani, Geeta D. Mishra, R K
245 #0 - TITLE STATEMENT
Title Corporate governance : theory and practice
260 ## - PUBLICATION, DISTRIBUTION, ETC. (IMPRINT)
Date of publication, distribution, etc. 2008
Name of publisher, distributor, etc. Exell Books
Place of publication, distribution, etc. New Delhi
300 ## - PHYSICAL DESCRIPTION
Extent xii+239
650 ## - SUBJECT ADDED ENTRY--TOPICAL TERM
Topical term or geographic name as entry element Corporate,governance
942 ## - ADDED ENTRY ELEMENTS (KOHA)
Koha item type Books
Holdings
Date last seen Total Checkouts Full call number Accession number Old discount Cost, replacement price Price effective from Category Lost status Damaged status Department Withdrawn status bill no. bill date Permanent Location Current Location Shelving location Entry date Vendor Cost, normal purchase price Grants Currency symbol Conversion rate Discount Discount type
26/01/2024   658.4 GEE;1 R 54117 25 187.50 26/01/2024 Books     Central Library   2009/CRB/0000019 25/09/2012 Central Library Central Library Central Library 24/04/2009 Intact Book House Pvt Ltd 250.00 MBA RS 1 62.5 Rupees

© For any Suggestions or Query, please contact the library staff @ librarian@pes.edu or Phone: +9180 2672 1983/ 2108.